The odyssey / (Record no. 48397)
| 000 -LEADER | |
|---|---|
| fixed length control field | 00796nam a2200205 4500 |
| 020 ## - INTERNATIONAL STANDARD BOOK NUMBER | |
| International Standard Book Number | 9781402773341 (hbk.) |
| 020 ## - INTERNATIONAL STANDARD BOOK NUMBER | |
| International Standard Book Number | 140277334X (hbk.) |
| 042 ## - AUTHENTICATION CODE | |
| Authentication code | lcac |
| 100 ## - MAIN ENTRY--PERSONAL NAME | |
| Personal name | Zamorsky, Tania, |
| Relator term | author. |
| 9 (RLIN) | 18645 |
| 245 14 - TITLE STATEMENT | |
| Title | The odyssey / |
| Statement of responsibility, etc | retold from Homer original by Tania Zamorsky ; illustrated by Eric Freeberg. |
| 260 ## - PUBLICATION, DISTRIBUTION, ETC. (IMPRINT) | |
| Place of publication, distribution, etc | New York : |
| Name of publisher, distributor, etc | Sterling, |
| Date of publication, distribution, etc | 2011. |
| 300 ## - PHYSICAL DESCRIPTION | |
| Extent | 152 p. : |
| Other physical details | ill. ; |
| Dimensions | 20 cm. |
| 490 ## - SERIES STATEMENT | |
| Series statement | Classic starts |
| 520 ## - SUMMARY, ETC. | |
| Summary, etc | Homer's epic tale of the warrior Odysseus's decades-long struggle to return home after the Trojan War is simply retold for younger readers. |
| 600 ## - SUBJECT ADDED ENTRY--PERSONAL NAME | |
| Personal name | Homer |
| Form subdivision | Adaptations |
| -- | Juvenile literature. |
| 9 (RLIN) | 86036 |
| 650 #0 - SUBJECT ADDED ENTRY--TOPICAL TERM | |
| Topical term or geographic name as entry element | Trojan War |
| Form subdivision | Juvenile literature. |
| 9 (RLIN) | 86037 |
| 650 #1 - SUBJECT ADDED ENTRY--TOPICAL TERM | |
| Topical term or geographic name as entry element | Trojan War. |
| 700 ## - ADDED ENTRY--PERSONAL NAME | |
| Personal name | Freeberg, Eric, |
| Titles and other words associated with a name | ill. |
| 9 (RLIN) | 86038 |
| 942 ## - ADDED ENTRY ELEMENTS (KOHA) | |
| Source of classification or shelving scheme | |
| Koha item type | Book |
| Withdrawn status | Lost status | Source of classification or shelving scheme | Damaged status | Not for loan | Home library | Current library | Date acquired | Total Checkouts | Full call number | Barcode | Date last seen | Date checked out | Price effective from | Koha item type |
|---|---|---|---|---|---|---|---|---|---|---|---|---|---|---|
| Logos International School | Logos International School | 02/10/2025 | 2 | J FIC ZAM | 040352 | 03/31/2025 | 03/24/2025 | 02/10/2025 | Book |